000
00328nam a22001457a 4500
008
230123b ||||| |||| 00| 0 eng d
020
_a
9781285749693
041
_a
eng
080
_2
TENTH EDITION
_a
51
082
_a
51MAR
100
_a
20
101
_a
MATE
245
_a
RACE ETHNIC RELATIONS
_c
MARGER N.M
942
_2
udc
_c
BK
999
_c
59247
_d
59247